[Event "Titled Tuesday intern op 04th Feb Late"]
[Site "Chess.com INT"]
[Date "2025.02.04"]
[Round "2"]
[White "Burmakin, Vladimir"]
[Black "Lima, Vinicius Taishun"]
[Result "1-0"]
[WhiteElo "2435"]
[BlackElo "1975"]
[PlyCount "73"]
[EventDate "2025.02.04"]
[EventType "swiss (blitz)"]
[EventRounds "11"]
[EventCountry "USA"]
[SourceTitle "CB07_2025"]
[SourceDate "2025.02.12"]
[SourceVersion "1"]
[SourceVersionDate "2025.02.12"]
[SourceQuality "1"]

1. d4 d5 2. c4 c6 3. Nf3 Nf6 4. e3 Bf5 5. Nc3 e6 6. Nh4 Bg6 7. Qb3 Qc8 8. Nxg6 hxg6 9. Bd2 Bd6 10. Rc1 Nbd7 11. h3 0-0 12. Be2 Ne4 13. cxd5 Nxc3 14. bxc3 exd5 15. c4 dxc4 16. Bxc4 Nb6 17. Bd3 Nd5 18. Be4 Qe6 19. Bf3 Rab8 20. 0-0 Nc7 21. Qc4 Rfd8 22. Rc2 Be7 23. Rb1 Nd5 24. e4 Nc7 25. Be3 Qxc4 26. Rxc4 Nb5 27. Rb3 Bf6 28. e5 Be7 29. a4 Nc7 30. a5 Nd5 31. a6 Nxe3 32. fxe3 bxa6 33. Rxb8 Rxb8 34. Bxc6 a5 35. Bd5 Rb4 36. Rc7 Rb1+ 37. Kf2 1-0

[Event "Titled Tuesday intern op 04th Feb Late"]
[Site "Chess.com INT"]
[Date "2025.02.04"]
[Round "4"]
[White "Lima, Vinicius Taishun"]
[Black "Decuigniere, Tom"]
[Result "0-1"]
[WhiteElo "1975"]
[BlackElo "2375"]
[PlyCount "80"]
[EventDate "2025.02.04"]
[EventType "swiss (blitz)"]
[EventRounds "11"]
[EventCountry "USA"]
[SourceTitle "CB07_2025"]
[SourceDate "2025.02.12"]
[SourceVersion "1"]
[SourceVersionDate "2025.02.12"]
[SourceQuality "1"]

1. e4 c5 2. Nf3 e6 3. d4 cxd4 4. Nxd4 Nf6 5. Nc3 Nc6 6. Nxc6 bxc6 7. e5 Nd5 8. Ne4 Qc7 9. f4 Qa5+ 10. Bd2 Qb6 11. Bd3 Be7 12. Qe2 f5 13. exf6 Nxf6 14. Be3 Qxb2 15. 0-0 0-0 16. Rfb1 Qa3 17. Rb3 Qa5 18. Bd4 d5 19. Nxf6+ Bxf6 20. c3 c5 21. Bxf6 Rxf6 22. Qh5 g6 23. Qe5 Rf7 24. Rb5 Qc7 25. Qxc7 Rxc7 26. Rab1 Ba6 27. Rb8+ Rxb8 28. Rxb8+ Rc8 29. Rxc8+ Bxc8 30. Kf2 Kf7 31. Ke3 Ke7 32. Bb5 Kd6 33. h4 Bd7 34. Bd3 e5 35. fxe5+ Kxe5 36. h5 Bf5 37. hxg6 d4+ 38. cxd4+ cxd4+ 39. Kd2 Bxd3 40. g7 Bc4 0-1

[Event "Florianopolis op 11th"]
[Site "Florianopolis"]
[Date "2025.01.25"]
[Round "9"]
[White "Leonardi, Lucas"]
[Black "Lima, Vinicius Taishun"]
[Result "1-0"]
[WhiteElo "1852"]
[BlackElo "1987"]
[PlyCount "110"]
[EventDate "2025.01.18"]
[EventType "swiss"]
[EventRounds "10"]
[EventCountry "BRA"]
[SourceTitle "CB05_2025"]
[SourceDate "2025.01.29"]
[SourceVersion "1"]
[SourceVersionDate "2025.01.29"]
[SourceQuality "1"]

1. Nf3 c5 2. g3 g6 3. Bg2 Bg7 4. 0-0 Nc6 5. c4 e5 6. Nc3 d6 7. d3 Nge7 8. a3 0-0 9. Bd2 h6 10. Rb1 a5 11. Nd5 Nxd5 12. cxd5 Ne7 13. e4 b5 14. b4 cxb4 15. axb4 a4 16. Bc3 Bg4 17. h3 Bxf3 18. Qxf3 a3 19. Ra1 f5 20. Qd1 Qc7 21. Qb3 Qa7 22. Ra2 fxe4 23. dxe4 Qa4 24. Rb1 Bf6 25. Bd2 Rfc8 26. h4 Rc4 27. f3 Nc8 28. Bf1 Nb6 29. Qxa4 Rxa4 30. Bxc4 Nxc4 31. Bxh6 Bd8 32. Rb3 Bb6+ 33. Kh2 Bd4 34. Bc1 Kf7 35. g4 Kf6 36. Kg3 Kf7 37. h5 Bb2 38. Bxb2 Nxb2 39. Raxb2 axb2 40. Rxb2 g5 41. Rc2 Rxb4 42. Rc7+ Kg8 43. Rc6 Rb1 44. Rxd6 b4 45. Rb6 b3 46. d6 b2 47. Kg2 Rd1 48. Rxb2 Rxd6 49. Rb5 Re6 50. Kf2 Kg7 51. Rb7+ Kh6 52. Rb5 Kg7 53. Rb7+ Kh6 54. Rb5 Kg7 55. Ke3 Kf6 1-0

[Event "Florianopolis op 11th"]
[Site "Florianopolis"]
[Date "2025.01.23"]
[Round "7"]
[White "Zottis, Pietro"]
[Black "Lima, Vinicius Taishun"]
[Result "0-1"]
[WhiteElo "1802"]
[BlackElo "1987"]
[PlyCount "66"]
[EventDate "2025.01.18"]
[EventType "swiss"]
[EventRounds "10"]
[EventCountry "BRA"]
[SourceTitle "CB05_2025"]
[SourceDate "2025.01.29"]
[SourceVersion "1"]
[SourceVersionDate "2025.01.29"]
[SourceQuality "1"]

1. d4 Nf6 2. Nf3 c5 3. e3 g6 4. Be2 Bg7 5. 0-0 0-0 6. b3 cxd4 7. exd4 d5 8. Bb2 Nc6 9. Re1 Bf5 10. Bd3 Rc8 11. Nc3 Bxd3 12. Qxd3 Nb4 13. Qd2 a5 14. a3 Ne4 15. Nxe4 Rxc2 16. axb4 Rxd2 17. Nexd2 axb4 18. Ra4 Qd6 19. Rea1 Bh6 20. Bc1 Qc7 21. Kf1 Qc3 22. Ke2 f6 23. Rb1 Re8 24. Bb2 Qc2 25. Raa1 e5 26. dxe5 fxe5 27. Rc1 Qf5 28. Rd1 e4 29. Nd4 Qh5+ 30. Kf1 Qxh2 31. Bc1 Qh1+ 32. Ke2 Qxg2 33. Nf1 Rf8 0-1

[Event "Florianopolis op 11th"]
[Site "Florianopolis"]
[Date "2025.01.22"]
[Round "6"]
[White "Lima, Vinicius Taishun"]
[Black "McDonald, Angus"]
[Result "1-0"]
[WhiteElo "1987"]
[BlackElo "1777"]
[PlyCount "35"]
[EventDate "2025.01.18"]
[EventType "swiss"]
[EventRounds "10"]
[EventCountry "BRA"]
[SourceTitle "CB05_2025"]
[SourceDate "2025.01.29"]
[SourceVersion "1"]
[SourceVersionDate "2025.01.29"]
[SourceQuality "1"]

1. e4 c6 2. d4 e6 3. f4 Bb4+ 4. c3 Ba5 5. Bd3 Ne7 6. Qg4 g6 7. Nf3 d5 8. e5 Nd7 9. 0-0 Nf5 10. Qh3 Qe7 11. g4 Ng7 12. Qh6 f5 13. exf6 Qxf6 14. Ne5 Nf8 15. f5 Nxf5 16. gxf5 exf5 17. Bg5 Qe6 18. Re1 1-0

[Event "Florianopolis op 11th"]
[Site "Florianopolis"]
[Date "2025.01.18"]
[Round "1"]
[White "Rolim, Claudia Vitoria Fer"]
[Black "Lima, Vinicius Taishun"]
[Result "0-1"]
[WhiteElo "1515"]
[BlackElo "1987"]
[PlyCount "52"]
[EventDate "2025.01.18"]
[EventType "swiss"]
[EventRounds "10"]
[EventCountry "BRA"]
[SourceTitle "CB05_2025"]
[SourceDate "2025.01.29"]
[SourceVersion "1"]
[SourceVersionDate "2025.01.29"]
[SourceQuality "1"]

1. e4 c5 2. Nf3 Nc6 3. Bb5 g6 4. Bxc6 dxc6 5. Qe2 Bg7 6. h3 e5 7. Nc3 Qe7 8. d3 Nf6 9. Bg5 0-0 10. Qe3 Qd6 11. h4 Ng4 12. Qd2 h6 13. Be3 Be6 14. Nh2 Nxe3 15. fxe3 c4 16. 0-0-0 Rad8 17. dxc4 Qc5 18. Qf2 Qxc4 19. Rd2 b5 20. a3 a5 21. Rhd1 Rxd2 22. Rxd2 b4 23. axb4 axb4 24. Qe2 bxc3 25. Qxc4 cxd2+ 26. Kxd2 Bxc4 0-1

[Event "Titled Tuesday intern op 07th Jan Early"]
[Site "Chess.com INT"]
[Date "2025.01.07"]
[Round "5"]
[White "Lima, Vinicius Taishun"]
[Black "Da Silva, Lucas Pereira Mende"]
[Result "1-0"]
[WhiteElo "1987"]
[BlackElo "2089"]
[PlyCount "45"]
[EventDate "2025.01.07"]
[EventType "swiss (blitz)"]
[EventRounds "11"]
[EventCountry "USA"]
[SourceTitle "CB03_2025"]
[SourceDate "2025.01.15"]
[SourceVersion "1"]
[SourceVersionDate "2025.01.15"]
[SourceQuality "1"]

1. e4 e5 2. Nf3 Nc6 3. Bb5 a6 4. Ba4 Nf6 5. 0-0 b5 6. Bb3 Bb7 7. d4 exd4 8. e5 Ne4 9. Re1 Nc5 10. Nxd4 Nxb3 11. axb3 Nxd4 12. Qxd4 Be7 13. Nc3 0-0 14. Nd5 Bg5 15. f4 Bxd5 16. Qxd5 c6 17. Qd4 Be7 18. Be3 d5 19. f5 f6 20. e6 c5 21. Qg4 d4 22. Bh6 g6 23. fxg6 1-0

[Event "Florianopolis op 10th"]
[Site "Florianopolis"]
[Date "2024.01.27"]
[Round "9"]
[White "Branco, Joao Pedro Belaglov"]
[Black "Lima, Vinicius Taishun"]
[Result "0-1"]
[WhiteElo "1778"]
[BlackElo "2047"]
[PlyCount "58"]
[EventDate "2024.01.20"]
[EventType "swiss"]
[EventRounds "10"]
[EventCountry "BRA"]
[SourceTitle "EXT 2025"]
[Source "ChessBase"]
[SourceDate "2024.10.14"]
[SourceVersion "1"]
[SourceVersionDate "2024.10.14"]
[SourceQuality "1"]

1. e4 c5 2. c3 Nf6 3. e5 Nd5 4. d4 cxd4 5. cxd4 d6 6. Nf3 e6 7. Nc3 Be7 8. Bd3 Bd7 9. Nxd5 exd5 10. 0-0 0-0 11. Qb3 Bc6 12. Bf4 dxe5 13. Nxe5 Bg5 14. Bxg5 Qxg5 15. f4 Qd8 16. Qc2 h6 17. Rf3 Qb6 18. Qf2 Nd7 19. Rg3 Nf6 20. f5 Bb5 21. Bc2 Rac8 22. Rd1 Rc7 23. Bb1 Rfc8 24. Qe3 Kh7 25. Ng4 Nxg4 26. Rxg4 f6 27. Qf4 Be2 28. Re1 Bxg4 29. Qxg4 Rc1 0-1

[Event "Titled Tuesday intern op 02nd Jan Late"]
[Site "Chess.com INT"]
[Date "2024.01.02"]
[Round "1"]
[White "Lima, Vinicius Taishun"]
[Black "Dilanyan, Grigor"]
[Result "1-0"]
[WhiteElo "2047"]
[BlackElo "2174"]
[PlyCount "143"]
[EventDate "2024.01.02"]
[EventType "swiss (blitz)"]
[EventRounds "11"]
[EventCountry "USA"]
[SourceTitle "EXT 2025"]
[Source "ChessBase"]
[SourceDate "2024.10.14"]
[SourceVersion "1"]
[SourceVersionDate "2024.10.14"]
[SourceQuality "1"]

1. e4 e5 2. Nf3 Nc6 3. d4 exd4 4. Bc4 Nf6 5. e5 d5 6. Bb5 Ne4 7. Nxd4 Bc5 8. Be3 0-0 9. Nxc6 bxc6 10. Bxc5 Nxc5 11. Bxc6 Rb8 12. Qxd5 Qxd5 13. Bxd5 Rxb2 14. Na3 Ba6 15. 0-0-0 Rb6 16. Nc4 Rb4 17. Ne3 Rfb8 18. Bb3 Re4 19. Rd5 Ne6 20. Rhd1 g6 21. Ra5 Be2 22. Rd2 Bb5 23. Rxa7 Rxe5 24. Bxe6 Rxe6 25. Rxc7 Ra6 26. c4 Ba4 27. Rb2 Rd8 28. Nd5 Re6 29. Kd2 Bc6 30. Kc3 Bxd5 31. cxd5 Rxd5 32. Rc8+ Kg7 33. Rc7 Ra5 34. Rc4 Ra3+ 35. Kd2 Rea6 36. Rcc2 h5 37. Rb3 Rxa2 38. Rxa2 Rxa2+ 39. Ke3 Ra6 40. Rd3 Kf6 41. Kf3 Ra5 42. Rb3 Ke6 43. Rb6+ Kf5 44. g3 f6 45. Kg2 g5 46. Kf3 g4+ 47. Kg2 Kg5 48. Rb4 f5 49. h4+ gxh3+ 50. Kxh3 Ra2 51. Kg2 Rc2 52. Rf4 Rc5 53. Rh4 Re5 54. f4+ Kf6 55. fxe5+ Kxe5 56. Rxh5 Kf6 57. Kf3 Kg6 58. Rh4 Kg5 59. Rf4 Kf6 60. Ra4 Kg5 61. Ra5 Kg6 62. Kf4 Kh6 63. Rxf5 Kg6 64. g4 Kh6 65. Rf6+ Kg7 66. Kf5 Kh7 67. g5 Kg8 68. g6 Kg7 69. Rf7+ Kg8 70. Ra7 Kf8 71. Kf6 Kg8 72. Ra8# 1-0